Carta abierta de un escritor a la junta militar, rodolfo walsh, 24 de marzo de 1977. propuestas para trabajar en el aula. 1 /

Las actividades propuestas en esta reedición del "Cuadernillo Nº1 de la Serie Recursos para el aula" tienen el objetivo de contextualizar y promover el análisis de la "Carta abierta de un escritor a la Junta Militar" escrita por Rodolfo Walsh, como así también ampliar el conocimi...

Descripción completa

Guardado en:
Autor Principal: Vannucchi, Edgardo
Formato: Libro
Publicado: Buenos Aires : Ministerio de Justicia y Derechos Humanos de la Nación, 2012
Series:Recursos para el aula / Edgardo Vannucchi; 1
Materias:
Etiquetas: Agregar Etiqueta
Sin Etiquetas, Sea el primero en etiquetar este registro!
LEADER 01494nam a22002055a 4500
001 CEM.cems013883
008 130507s2012##################000#0#####d
005 20250306154045.0
245 1 0 |a Carta abierta de un escritor a la junta militar, rodolfo walsh, 24 de marzo de 1977. propuestas para trabajar en el aula. 1 /  |c Edgardo Vannucchi 
260 |a Buenos Aires :  |b Ministerio de Justicia y Derechos Humanos de la Nación,  |c 2012 
300 |a 32 p. 
490 0 |a Recursos para el aula / Edgardo Vannucchi; 1 
520 |a Las actividades propuestas en esta reedición del "Cuadernillo Nº1 de la Serie Recursos para el aula" tienen el objetivo de contextualizar y promover el análisis de la "Carta abierta de un escritor a la Junta Militar" escrita por Rodolfo Walsh, como así también ampliar el conocimiento y la comprensión del autor y su tiempo histórico. Cada docente evaluará la pertinencia y complejidad de las actividades sugeridas así como también la posibilidad de enriquecerlas con sus aportes y los de los estudiantes. A lo largo del cuadernillo se encontrarán con íconos que sugieren la utilización de diferentes soportes y recursos didácticos que les ayudarán a abordar y profundizar el texto y la obra del escritor, periodista y militante Rodolfo Walsh. 
020 |a 9789871407408 
100 1 |a Vannucchi, Edgardo 
082 0 4 |a F364.15 
653 |a Memoria 
653 |a Derechos humanos 
653 |a Dictadura 
859 |a CEMS  |b BIB. CEMS - 11 de abril  |h F364.15  |i 2  |p 2778.44  |t Ej.1